| Tag |
First Indicator |
Second Indicator |
Subfields |
| LEADER |
00000cam a2200000Ki 4500 |
| 001 |
in00004363003 |
| 005 |
20220105155827.0 |
| 006 |
m o d |
| 007 |
cr cnu---unuuu |
| 008 |
210701s2021 enk ob 000 0 eng d |
| 020 |
|
|
|a 9781108782432
|q electronic book
|
| 020 |
|
|
|a 1108782434
|q electronic book
|
| 020 |
|
|
|z 9781108749268
|
| 024 |
8 |
|
|a 40030732547
|
| 035 |
|
|
|a (NhCcYBP)ybp16408925
|
| 040 |
|
|
|a NhCcYBP
|c NhCcYBP
|d UtOrBLW
|
| 050 |
|
4 |
|a HT113
|b .H37 2021
|
| 082 |
0 |
4 |
|a 307.76
|2 23
|
| 100 |
1 |
|
|a Harris, Richard,
|d 1952-
|e author.
|0 http://id.loc.gov/authorities/names/nr88011685
|
| 245 |
1 |
0 |
|a How cities matter /
|c Richard Harris.
|
| 264 |
|
1 |
|a Cambridge, United Kingdom ;
|a NewYork, NY, USA :
|b Cambridge University Press,
|c 2021.
|
| 300 |
|
|
|a 1 online resource.
|
| 336 |
|
|
|a text
|b txt
|2 rdacontent
|
| 337 |
|
|
|a computer
|b c
|2 rdamedia
|
| 338 |
|
|
|a online resource
|b cr
|2 rdacarrier
|
| 490 |
0 |
|
|a Cambridge elements. Elements in global urban history
|
| 504 |
|
|
|a Includes bibliographical references.
|
| 588 |
|
|
|a Description based on online resource; title from digital title page (viewed on July 01, 2021).
|
| 500 |
|
|
|a Electronic resource.
|
| 650 |
|
0 |
|a Cities and towns
|x Philosophy.
|0 http://id.loc.gov/authorities/subjects/sh2009118377
|
| 655 |
|
7 |
|a Electronic books.
|2 local
|
| 710 |
2 |
|
|a Cambridge University Press.
|0 http://id.loc.gov/authorities/names/n50059133
|
| 856 |
4 |
0 |
|u http://proxy.library.tamu.edu/login?url=https://doi.org/10.1017/9781108782432
|z Connect to the full text of this electronic book
|t 0
|
| 945 |
|
|
|b 38285
|
| 945 |
|
|
|a machinegen
|
| 955 |
|
|
|a YBP purchased approval e-records
|
| 980 |
|
|
|b ebook
|c 40030732547
|f NONFIC/B
|g 565751
|k USD
|m 115.00
|q 1
|s AcqMono Conventional
|t Approval plan
|u Vendor order reference number
|v ZYBP
|y E-approvals
|z Electronic resource
|
| 999 |
f |
f |
|s 0ef405aa-2e84-355f-a4ef-8ecae740eb5f
|i 640dd16a-0e71-398d-8c3b-eb85dd11bf8a
|t 0
|
| 952 |
f |
f |
|a Texas A&M University
|b College Station
|c Electronic Resources
|d Available Online
|t 0
|e HT113 .H37 2021
|h Library of Congress classification
|
| 998 |
f |
f |
|a HT113 .H37 2021
|t 0
|l Available Online
|